000 00699nam a2200217 i 4500
001 24561
003 ES-MaACL
005 20231221191845.0
007 t|
008 021217s1883 sp ||||1| spa d
080 _a594(460)
080 _a929 Tornos, Lucas de
100 1 _aAntón y Ferrándiz, Manuel,
_d1849-1929
_921958
245 1 0 _aHonor a los que fueron !
_b: D. Lucas de Tornos y la malacología Española /
_cManuel Antón y Ferrándiz.
260 _aMadrid :
_b[s.n.],
_c1883 (
_fP. Gil y Navarro)
300 _a29 p. ;
_c18 cm.
600 0 4 _aTornos, Lucas de.
_9110673
650 4 _aMoluscos-
_zEspaña.
_9149875
852 _aES-MaACL
_jT-480-F-3
999 _c24561
_d24561